| 000 | 00976nam a2200181Ia 4500 | ||
|---|---|---|---|
| 008 | 151202s9999||||xx |||||||||||||| ||und|| | ||
| 082 | _bPNVM-123846 | ||
| 100 | _aकाबाडी सुनीति मनोहर. | ||
| 245 | _aरंगावलि रांगोळी काढण्याचे सचित्र पुस्तक भाग2 आवृत्ति9 | ||
| 260 | _b"केशव भिकाजी ढवळे , मुंबई." | ||
| 260 | _c1958 | ||
| 300 | _a48 | ||
| 600 | _aकाबाडी सुनीति मनोहर. | ||
| 630 | _aरंगावलि रांगोळी काढण्याचे सचित्र पुस्तक भाग2 आवृत्ति9 | ||
| 700 | _aकाबाडी सुनीति मनोहर. | ||
| 730 | _aरंगावलि रांगोळी काढण्याचे सचित्र पुस्तक भाग2 आवृत्ति9 | ||
| 942 | _cBOOK | ||
| 999 |
_c1353975 _d1353972 |
||